| 000 | 00000nam##2200000za#4500 |
| 001 | 9.574651 |
| 003 | CaOODSP |
| 005 | 20210624184304 |
| 007 | cr ||||||||||| |
| 008 | 150406|1999||||xxc|||||o f|0| 0 eng|d |
| 022 | |a1205-9153 |
| 040 | |aCaOODSP|beng |
| 043 | |an-cn--- |
| 086 | 1 |aCS11-0019/134E-PDF |
| 245 | 04|aThe entry and exit dynamics of self-employment in Canada / |h[electronic resource]|cby Zhengxi Lin, Garnett Picot and Janice Yates. |
| 260 | |aOttawa - Ontario : |bStatistics Canada |cMarch 1999. |
| 300 | |a32p.|bgraph, references, tables |
| 490 | 1 |aAnalytical Studies Branch research paper series|x1205-9153|vNo. 134 |
| 500 | |aThe catalogue number (11F0019MPE) and ISBN (0-660-17744-7) for the print edition have been incorrectly copied in this electronic publication. |
| 520 | 3 |aThe objectives of this paper are to i) document the extent and cyclical variations of self-employment entry and exit; ii) explore transitions to and from self-employment; and iii) investigate the influence of individual characteristics and labour market experience as well as macroeconomic conditions on the probability of moving into or out of self-employment.--Page 1 |
| 590 | |a12-35-Supp|b2012-08-09 |
| 710 | 2 |aStatistics Canada. |
| 720 | 1 |aLin, Zhengxi |
| 720 | 1 |aYates, Janice |
| 720 | 1 |aPicot, Garnett |
| 775 | 08|tDynamique de la création et de la disparition d'emplois autonomes au Canada / |w(CaOODSP)9.604386 |
| 776 | 0#|tThe entry and exit dynamics of self-employment in Canada / |w(CaOODSP)9.614769 |
| 830 | #0|aResearch paper series (Statistics Canada. Analytical Studies Branch)|x1205-9153|vNo. 134|w(CaOODSP)9.504421 |
| 856 | 40|ahttp://publications.gc.ca|qPDF|s113 KB|uhttps://publications.gc.ca/collections/Collection/CS11-0019-134E.pdf|yNo. 134 |